[Event "GRE-chT 43rd"]
[Site "Porto Rio"]
[Date "2015.10.12"]
[Round "7.4"]
[White "Lianeris, Andreas"]
[Black "Rousos, Stamatios"]
[Result "0-1"]
[WhiteElo "1363"]
[BlackElo "1541"]
[PlyCount "70"]
[EventDate "2015.10.08"]
[EventType "team-swiss"]
[EventRounds "7"]
[EventCountry "GRE"]
[SourceTitle "CBM 168 Extra"]
[Source "ChessBase"]
[SourceDate "2015.10.29"]
[SourceVersion "1"]
[SourceVersionDate "2015.10.29"]
[SourceQuality "1"]
[WhiteTeam "OFI"]
[BlackTeam "Thessaloniki"]
[WhiteTeamCountry "GRE"]
[BlackTeamCountry "GRE"]

1. e4 c5 2. Nf3 d6 3. Bb5+ Bd7 4. Bxd7+ Qxd7 5. 0-0 Nc6 6. c3 e6 7. d4 cxd4 8. cxd4 d5 9. e5 Bb4 10. Bd2 Bxd2 11. Qxd2 Nge7 12. Nc3 Na5 13. b3 0-0 14. Rac1 Rac8 15. Ne2 Nac6 16. Ng3 f6 17. exf6 Rxf6 18. Rfe1 Rcf8 19. Re2 Ng6 20. Rce1 Rxf3 21. gxf3 Nh4 22. Re3 Nxf3+ 23. Rxf3 Rxf3 24. Kg2 Rf6 25. Re3 Qf7 26. Rd3 Qg6 27. Kh1 Rxf2 28. Qxf2 Qxd3 29. Ne2 Qb1+ 30. Kg2 Qxa2 31. Kg1 Qxb3 32. Nf4 Qd1+ 33. Kg2 Qxd4 34. Qg3 Qf6 35. Kh1 e5 0-1

[Event "GRE-chT 43rd"]
[Site "Porto Rio"]
[Date "2015.10.11"]
[Round "6.1"]
[White "Rousos, Stamatios"]
[Black "Katopodis, Dimitrios"]
[Result "0-1"]
[WhiteElo "1541"]
[BlackElo "2018"]
[PlyCount "82"]
[EventDate "2015.10.08"]
[EventType "team-swiss"]
[EventRounds "7"]
[EventCountry "GRE"]
[SourceTitle "CBM 168 Extra"]
[Source "ChessBase"]
[SourceDate "2015.10.29"]
[SourceVersion "1"]
[SourceVersionDate "2015.10.29"]
[SourceQuality "1"]
[WhiteTeam "Thessaloniki"]
[BlackTeam "Peristeriou"]
[WhiteTeamCountry "GRE"]
[BlackTeamCountry "GRE"]

1. Nf3 d5 2. c4 c6 3. g3 Bg4 4. Bg2 e6 5. 0-0 Nf6 6. b3 Bd6 7. d3 0-0 8. Bb2 Re8 9. Nbd2 Nbd7 10. Qc2 e5 11. e4 dxe4 12. dxe4 Qe7 13. a3 a5 14. h3 Bxf3 15. Nxf3 Nc5 16. Nh4 Qc7 17. Nf5 Bf8 18. Rad1 Qb6 19. Nd6 Re6 20. Nf5 Qxb3 21. Qe2 g6 22. Nh4 Na4 23. Rb1 Nxb2 24. Rxb2 Qxa3 25. Rxb7 a4 26. Nf3 Qc5 27. Ra1 Re7 28. Rxe7 Bxe7 29. Nd2 a3 30. Bf3 Qb4 31. Ra2 Nd7 32. Qd1 Nc5 33. Qc2 Ne6 34. Nb3 Rb8 35. Bd1 Nd4 36. Nxd4 exd4 37. Kg2 Qc3 38. Be2 Rb3 39. Bd1 Qxc2 40. Rxc2 Rc3 41. e5 Rxc2 0-1

[Event "GRE-chT 43rd"]
[Site "Porto Rio"]
[Date "2015.10.10"]
[Round "5.3"]
[White "Rousos, Stamatios"]
[Black "Patrelakis, Evaggelos"]
[Result "1-0"]
[WhiteElo "1541"]
[BlackElo "1740"]
[PlyCount "61"]
[EventDate "2015.10.08"]
[EventType "team-swiss"]
[EventRounds "7"]
[EventCountry "GRE"]
[SourceTitle "CBM 168 Extra"]
[Source "ChessBase"]
[SourceDate "2015.10.29"]
[SourceVersion "1"]
[SourceVersionDate "2015.10.29"]
[SourceQuality "1"]
[WhiteTeam "Thessaloniki"]
[BlackTeam "Chania ADA"]
[WhiteTeamCountry "GRE"]
[BlackTeamCountry "GRE"]

1. e4 c5 2. Nf3 e6 3. d4 cxd4 4. Nxd4 Nf6 5. Nc3 d6 6. Be2 a6 7. 0-0 Be7 8. Be3 Nc6 9. f4 Qc7 10. Kh1 0-0 11. Qe1 Bd7 12. Qg3 Nxd4 13. Bxd4 Bc6 14. Rae1 g6 15. Bf3 Rfe8 16. e5 Nd7 17. Ne4 Bxe4 18. Bxe4 d5 19. Bd3 Bc5 20. Bc3 d4 21. Bd2 Kh8 22. Qh4 Be7 23. Qh6 Bf8 24. Qh4 Nc5 25. Rf3 Nxd3 26. cxd3 Qc2 27. Rh3 h6 28. Bb4 Bg7 29. Be7 Kg8 30. Bf6 Bf8 31. Qxh6 1-0

[Event "Rhodes Colossus op"]
[Site "Rhodes"]
[Date "2015.09.04"]
[Round "5"]
[White "Rousos, Stamatios"]
[Black "Schmitz, Manuela"]
[Result "0-1"]
[WhiteElo "1541"]
[BlackElo "1924"]
[PlyCount "81"]
[EventDate "2015.09.01"]
[EventType "swiss"]
[EventRounds "9"]
[EventCountry "GRE"]
[SourceTitle "EXT 2017"]
[Source "ChessBase"]
[SourceDate "2016.10.25"]
[SourceVersion "1"]
[SourceVersionDate "2016.10.25"]
[SourceQuality "1"]

1. e4 e6 2. d4 d5 3. Nc3 Bb4 4. e5 c5 5. a3 Bxc3+ 6. bxc3 Qc7 7. Qg4 f5 8. Qg3 cxd4 9. cxd4 Ne7 10. c3 0-0 11. f4 b6 12. a4 Ba6 13. Bxa6 Nxa6 14. Ba3 Rf7 15. h4 Rc8 16. Rc1 Qc4 17. Nh3 Qxa4 18. Ra1 Nc7 19. Kd2 Qd7 20. Ng5 Rff8 21. h5 h6 22. Nf3 Nb5 23. Bxe7 Nxc3 24. Qh4 Ne4+ 25. Ke1 Rf7 26. Bb4 Qb5 27. Bd2 a5 28. Rh3 Qb2 29. Rd1 a4 30. Rh1 Qb5 31. g4 Qd3 32. Rh3 Ra7 33. Ng1 Qxd4 34. Ne2 Qb2 35. Bc1 Qb4+ 36. Kf1 a3 37. Rdd3 a2 38. Ra3 a1Q 39. Rxa1 Rxa1 40. Ng1 Raa8 41. Rh1 0-1